000
00352 a2200169 4500
001
186551
020
_a
978-85-08-15799-0
040
_c
Magnum
100
_a
Machado, Ana Maria
240
1
0
_a
Quenco, o pato
_l
por
245
1
0
_a
Quenco, o pato
300
_a
24
362
0
_a
2012
440
1
_a
Ática
697
_a
LITERATURA INFANTO
942
_c
BK
999
_c
186551
_d
186551